| 000 | 00898nas a2200289 4500 | ||
|---|---|---|---|
| 001 | BR2013000412 | ||
| 003 | BR-BrBNA | ||
| 005 | 20231205121816.0 | ||
| 007 | ta | ||
| 008 | 230509b bl.|||p| |||| 00| 00por d | ||
| 040 |
_aBR-BrBNA _bpor _cBiblioteca Nacional de Agricultura |
||
| 041 | _a(Pt) | ||
| 072 | _aP30; F08 | ||
| 100 | 1 | _aVitória, E.L. da | |
| 100 | 1 | _aFernandes, H.C. | |
| 100 | 1 | _aTeixeira, M.M. | |
| 100 | 1 | _aCecon, P.R. | |
| 245 | 1 | _aProdução de materia seca e indice de área foliar de forrageiras em diferentes manejos do solo | |
| 650 | _aSOLO | ||
| 650 | _aMANEJO DO SOLO | ||
| 650 | _aMATERIA SECA | ||
| 650 | _aFORRAGICULTURA | ||
| 650 | _aPROPRIEDADE FÍSICO-QUÍMICA | ||
| 773 | 0 |
_tEngenharia na Agricultura (Brazil) _xISSN 1414-3984 _g(Jul-Ago 2012), v. 20(4) p. 311-319 _wBR2013000412 |
|
| 909 |
_a202311 _bLúcia _c55 _dLúcia Elande |
||
| 942 |
_2AGRIS _n0 _cANA |
||
| 999 |
_c225352 _d225352 |
||